000 00446nam a2200157Ia 4500
008 230312s9999||||xx |||||||||||||| ||und||
020 _a0-07-286293-9
082 _a302.2
_bDEF-F
100 _aDeFleur Margaret, H.
245 0 _aFundamentals of Human Communication
260 _bMcGraw Hill
_aNew York
_c2005
300 _a454
546 _aEng.
650 _aEconomics
_vBasics of Communication , Understanding Communication media
942 _cBK
999 _c2791
_d2791